00887nam a22001815i 4500001000700000003000900007005001700016008004100033040002000074100003500094245027300129260005900402300002100461500007400482650002300556650002600579852010000605162206ES-MaACL20250820032303.0041103s1881 sp |||| | spa d aCAM bspa cCAM1 aPisa Pajares, Francisco de la.10aDerecho romano b: acerca de la validez y subsistencia del testamento otorgado por los ascendientes y descendientes: reformas sancionadas por la novela 115; ¿Debe admitirse en buenos principios de derecho la absoluta libertad de testar? / cpor F. de la Pisa Pajares. aMadrid : b[s.n.], c1881 (fImprenta de F. Góngora) a71 p. ; c22 cm. aLos dos trabajos han sido publicados en la Revista de los Tribunales. 7aTestamentos2embne 7aDerecho romano2embne aES-MaACLjT-376-F-11 z-- Enc. hol. q-- Falto de la cub. originalz-- Enc. en un vol. facticio